|
|
|
|
| LEADER |
00000nas a2200000 a 4500 |
| 001 |
ssj0000651264 |
| 003 |
WaSeSS |
| 005 |
20200512172242.0 |
| 006 |
m d |
| 007 |
cr n |
| 008 |
120118c20119999rm qr p s 0 0eng c |
| 010 |
|
|
|a 2012261026
|
| 022 |
|
|
|a 2246-9435
|l 2246-9435
|
| 035 |
|
|
|a (WaSeSS)ssj0000651264
|
| 040 |
|
|
|a HNK
|b eng
|c HNK
|d HNK
|d OCLCQ
|d MYG
|d OCLCQ
|d CUS
|d OCLCF
|d CUS
|d OCLCQ
|d WaSeSS
|
| 042 |
|
|
|a pcc
|
| 043 |
|
|
|a e------
|
| 050 |
1 |
4 |
|a K12
|b .A9523
|
| 210 |
0 |
|
|a Law Rev. (Bucur.)
|
| 222 |
|
0 |
|a Law Review (București)
|
| 245 |
0 |
0 |
|a Law review
|h [electronic resource].
|
| 260 |
|
|
|a Bucharest, Romania :
|b Union of Jurists of Romania :
|b Universul Juridic
|
| 310 |
|
|
|a Quarterly
|
| 362 |
1 |
|
|a Began with: Vol. 1, no. 1 (Jan.-Mar. 2011).
|
| 506 |
|
|
|a License restrictions may limit access.
|
| 550 |
|
|
|a Issued by: Union of Jurists of Romania.
|
| 588 |
|
|
|a Description based on: Vol. 1, no. 1 (Jan.-Mar. 2011); title from journal information screen (publisher's Web site, viewed Jan. 18, 2012).
|
| 588 |
|
|
|a Latest issue consulted: Vol. 2, no. 4 (Oct.-Dec. 2012) (publisher's Web site, viewed Dec. 17, 2012).
|
| 650 |
|
0 |
|a Law
|v Periodicals.
|
| 650 |
|
0 |
|a Bar associations
|v Periodicals.
|
| 650 |
|
0 |
|a Judge-made law
|v Periodicals.
|
| 650 |
|
7 |
|a Bar associations.
|2 fast
|0 (OCoLC)fst00827351
|
| 650 |
|
7 |
|a Judge-made law.
|2 fast
|0 (OCoLC)fst00984487
|
| 650 |
|
7 |
|a Law.
|2 fast
|0 (OCoLC)fst00993678
|
| 655 |
|
0 |
|a Electronic journals.
|
| 710 |
2 |
|
|a Uniunea Juriștilor Democrați din România.
|
| 787 |
0 |
8 |
|i Edition in Romanian:
|t Dreptul.
|d București : Uniunea, 1990-
|x 1018-0435
|w (OCoLC)23435465
|
| 856 |
4 |
0 |
|z Full text available from Research Library: 01/01/2011 to present
|u https://search.proquest.com/publication/976338
|